| 000 | 00606nam a2200193 a 4500 | ||
|---|---|---|---|
| 001 | 000022779 | ||
| 005 | 20200930021807.0 | ||
| 008 | 101118s2006 cu 000 0 spa d | ||
| 020 | _a9592710473 | ||
| 040 |
_aDO-SdBNP _bspa _cBNPHU |
||
| 082 |
_axxxx _bB333j |
||
| 100 | 1 |
_aBatlle, Jorge Sergio, _d1952- _946802 |
|
| 245 | 1 | 0 |
_aJosé Martí : _baforismos / _cJorge Sergio Batlle. |
| 260 |
_aLa Habana, : _bCentro de Estudios Martianos, _c2006. |
||
| 300 |
_a398 p. ; _c21 cm. |
||
| 500 | _aIncluye índice temático | ||
| 500 | _aIncluye datos biográficos del autor en la contracubierta | ||
| 049 | _aBNPD | ||
| 999 |
_c22276 _d22276 |
||